<?xml version="1.0" encoding="UTF-8"?>
<record
    xmlns:xsi="http://www.w3.org/2001/XMLSchema-instance"
    xsi:schemaLocation="http://www.loc.gov/MARC21/slim http://www.loc.gov/standards/marcxml/schema/MARC21slim.xsd"
    xmlns="http://www.loc.gov/MARC21/slim">

  <leader>01024nam a2200205Ia 4500</leader>
  <controlfield tag="001">12481</controlfield>
  <controlfield tag="003">GE_BSU</controlfield>
  <controlfield tag="008">181216s||||||||xx |||||||||||||| ||und||</controlfield>
  <datafield tag="040" ind1=" " ind2=" ">
    <subfield code="c">GE_BSU</subfield>
  </datafield>
  <datafield tag="080" ind1=" " ind2=" ">
    <subfield code="a">633.1(479.22)</subfield>
  </datafield>
  <datafield tag="100" ind1=" " ind2=" ">
    <subfield code="a">&#x41C;&#x430;&#x440;&#x434;&#x436;&#x430;&#x43D;&#x438;&#x448;&#x432;&#x438;&#x43B;&#x438;,&#x42E;.&#x412;.</subfield>
  </datafield>
  <datafield tag="245" ind1=" " ind2=" ">
    <subfield code="a">&#x41E;&#x441;&#x43D;&#x43E;&#x432;&#x43D;&#x44B;&#x435; &#x431;&#x438;&#x43E;&#x44D;&#x43A;&#x43E;&#x43B;&#x43E;&#x433;&#x438;&#x447;&#x435;&#x441;&#x43A;&#x438;&#x435; &#x444;&#x430;&#x43A;&#x442;&#x43E;&#x440;&#x44B; &#x432;&#x43E;&#x437;&#x434;&#x435;&#x43B;&#x44B;&#x432;&#x430;&#x43D;&#x438;&#x44F; &#x43F;&#x448;&#x435;&#x43D;&#x438;&#x446;&#x44B; &#x432; &#x441;&#x442;&#x435;&#x43F;&#x43D;&#x43E;&#x439; &#x437;&#x43E;&#x43D;&#x435; &#x412;&#x43E;&#x441;&#x442;&#x43E;&#x447;&#x43D;&#x43E;&#x439; &#x413;&#x440;&#x443;&#x437;&#x438;&#x438;=&#x10D0;&#x10E6;&#x10DB;&#x10DD;&#x10E1;&#x10D0;&#x10D5;&#x10DA;&#x10D4;&#x10D7; &#x10E1;&#x10D0;&#x10E5;&#x10D0;&#x10E0;&#x10D7;&#x10D5;&#x10D4;&#x10DA;&#x10DD;&#x10E1; &#x10D5;&#x10D4;&#x10DA;&#x10D8;&#x10E1; &#x10D6;&#x10DD;&#x10DC;&#x10D0;&#x10E8;&#x10D8; &#x10EE;&#x10DD;&#x10E0;&#x10D1;&#x10DA;&#x10D8;&#x10E1; &#x10DB;&#x10DD;&#x10E7;&#x10D5;&#x10D0;&#x10DC;&#x10D8;&#x10E1; &#x10EB;&#x10D8;&#x10E0;&#x10D8;&#x10D7;&#x10D0;&#x10D3;&#x10D8; &#x10D1;&#x10D8;&#x10DD;&#x10D4;&#x10D9;&#x10DD;&#x10DA;&#x10DD;&#x10D2;&#x10D8;&#x10E3;&#x10E0;&#x10D8; &#x10E4;&#x10D0;&#x10E5;&#x10E2;&#x10DD;&#x10E0;&#x10D4;&#x10D1;&#x10D8;</subfield>
  </datafield>
  <datafield tag="260" ind1=" " ind2=" ">
    <subfield code="a">&#x422;&#x431;&#x438;&#x43B;&#x438;&#x441;&#x438;</subfield>
  </datafield>
  <datafield tag="260" ind1=" " ind2=" ">
    <subfield code="b">&#x41C;&#x435;&#x446;&#x43D;&#x438;&#x435;&#x440;&#x435;&#x431;&#x430;</subfield>
  </datafield>
  <datafield tag="260" ind1=" " ind2=" ">
    <subfield code="c">1966</subfield>
  </datafield>
  <datafield tag="300" ind1=" " ind2=" ">
    <subfield code="a">193&#x441;&#x442;&#x440;.22&#x441;&#x43C;.</subfield>
  </datafield>
  <datafield tag="300" ind1=" " ind2=" ">
    <subfield code="e">&#x422;&#x430;&#x431;&#x43B;&#x438;&#x446;&#x44B;-43</subfield>
  </datafield>
  <datafield tag="653" ind1=" " ind2=" ">
    <subfield code="a">&#x41E;&#x441;&#x43D;&#x43E;&#x432;&#x43D;&#x44B;&#x435; &#x431;&#x438;&#x43E;&#x44D;&#x43A;&#x43E;&#x43B;&#x43E;&#x433;&#x438;&#x447;&#x435;&#x441;&#x43A;&#x438;&#x435; &#x444;&#x430;&#x43A;&#x442;&#x43E;&#x440;&#x44B; &#x432;&#x43E;&#x437;&#x434;&#x435;&#x43B;&#x44B;&#x432;&#x430;&#x43D;&#x438;&#x44F; &#x43F;&#x448;&#x435;&#x43D;&#x438;&#x446;&#x44B; &#x432; &#x441;&#x442;&#x435;&#x43F;&#x43D;&#x43E;&#x439; &#x437;&#x43E;&#x43D;&#x435; &#x412;&#x43E;&#x441;&#x442;&#x43E;&#x447;&#x43D;&#x43E;&#x439; &#x413;&#x440;&#x443;&#x437;&#x438;&#x438;</subfield>
  </datafield>
  <datafield tag="942" ind1=" " ind2=" ">
    <subfield code="c">BK</subfield>
  </datafield>
  <datafield tag="999" ind1=" " ind2=" ">
    <subfield code="c">45655</subfield>
    <subfield code="d">45655</subfield>
  </datafield>
  <datafield tag="952" ind1=" " ind2=" ">
    <subfield code="0">0</subfield>
    <subfield code="1">0</subfield>
    <subfield code="4">0</subfield>
    <subfield code="7">0</subfield>
    <subfield code="9">59756</subfield>
    <subfield code="d">2018-12-17</subfield>
    <subfield code="p">20685</subfield>
    <subfield code="r">2018-12-17</subfield>
    <subfield code="w">2018-12-17</subfield>
    <subfield code="y">BK</subfield>
  </datafield>
  <datafield tag="952" ind1=" " ind2=" ">
    <subfield code="0">0</subfield>
    <subfield code="1">0</subfield>
    <subfield code="4">0</subfield>
    <subfield code="7">0</subfield>
    <subfield code="9">59757</subfield>
    <subfield code="d">2018-12-17</subfield>
    <subfield code="p">20686</subfield>
    <subfield code="r">2018-12-17</subfield>
    <subfield code="w">2018-12-17</subfield>
    <subfield code="y">BK</subfield>
  </datafield>
  <datafield tag="952" ind1=" " ind2=" ">
    <subfield code="0">0</subfield>
    <subfield code="1">0</subfield>
    <subfield code="4">0</subfield>
    <subfield code="7">0</subfield>
    <subfield code="9">59758</subfield>
    <subfield code="d">2018-12-17</subfield>
    <subfield code="p">20687</subfield>
    <subfield code="r">2018-12-17</subfield>
    <subfield code="w">2018-12-17</subfield>
    <subfield code="y">BK</subfield>
  </datafield>
  <datafield tag="952" ind1=" " ind2=" ">
    <subfield code="0">0</subfield>
    <subfield code="1">0</subfield>
    <subfield code="4">0</subfield>
    <subfield code="7">0</subfield>
    <subfield code="9">59759</subfield>
    <subfield code="d">2018-12-17</subfield>
    <subfield code="p">20688</subfield>
    <subfield code="r">2018-12-17</subfield>
    <subfield code="w">2018-12-17</subfield>
    <subfield code="y">BK</subfield>
  </datafield>
  <datafield tag="952" ind1=" " ind2=" ">
    <subfield code="0">0</subfield>
    <subfield code="1">0</subfield>
    <subfield code="4">0</subfield>
    <subfield code="7">0</subfield>
    <subfield code="9">59760</subfield>
    <subfield code="d">2018-12-17</subfield>
    <subfield code="p">20689</subfield>
    <subfield code="r">2018-12-17</subfield>
    <subfield code="w">2018-12-17</subfield>
    <subfield code="y">BK</subfield>
  </datafield>
  <datafield tag="952" ind1=" " ind2=" ">
    <subfield code="0">0</subfield>
    <subfield code="1">0</subfield>
    <subfield code="4">0</subfield>
    <subfield code="7">0</subfield>
    <subfield code="9">59761</subfield>
    <subfield code="d">2018-12-17</subfield>
    <subfield code="p">20690</subfield>
    <subfield code="r">2018-12-17</subfield>
    <subfield code="w">2018-12-17</subfield>
    <subfield code="y">BK</subfield>
  </datafield>
  <datafield tag="952" ind1=" " ind2=" ">
    <subfield code="0">0</subfield>
    <subfield code="1">0</subfield>
    <subfield code="4">0</subfield>
    <subfield code="7">0</subfield>
    <subfield code="9">59762</subfield>
    <subfield code="d">2018-12-17</subfield>
    <subfield code="p">20691</subfield>
    <subfield code="r">2018-12-17</subfield>
    <subfield code="w">2018-12-17</subfield>
    <subfield code="y">BK</subfield>
  </datafield>
  <datafield tag="952" ind1=" " ind2=" ">
    <subfield code="0">0</subfield>
    <subfield code="1">0</subfield>
    <subfield code="4">0</subfield>
    <subfield code="7">0</subfield>
    <subfield code="9">59763</subfield>
    <subfield code="d">2018-12-17</subfield>
    <subfield code="p">20692</subfield>
    <subfield code="r">2018-12-17</subfield>
    <subfield code="w">2018-12-17</subfield>
    <subfield code="y">BK</subfield>
  </datafield>
</record>
